00753 a2200217 4500003000500000005001700005010001700022020002600039040000900065082001200074100003500086245009900121260008600220300003300306490004700339500002000386650001600406650002400422651006700446700002200513Nust20170207154053.0 a 2009018605 a9780470500811 (cloth) cNust00a658.4041 aHarold Kerzner, Frank Saladis.10aWhat executives need to know about project management (E-Book)cHarold Kerzner, Frank Saladis. aHoboken, N.J. :bJohn Wiley & Sons, International Institute for Learning,cc2009. axv, 287 p. :bill. ;c24 cm.0 aThe IIL/Wiley series in project management aIncludes index. 0aManagement. 0aProject management. aWhat executives need to know about project management (E-Book)1 aSaladis, Frank P.